El estrecho de Gibraltar (Record no. 56275)

MARC details
000 -LEADER
campo de control de longitud fija 00705nam a2200193 i 4500
001 - NÚMERO DE CONTROL
campo de control 56275
003 - IDENTIFICADOR DE NÚMERO DE CONTROL
campo de control ES-MaACL
005 - FECHA Y HORA DE LA ÚLTIMA TRANSACCIÓN
campo de control 20250822063122.0
007 - CAMPO FIJO DE DESCRIPCIÓN FÍSICA--INFORMACIÓN GENERAL
campo de control de longitud fija t|
008 - DATOS DE LONGITUD FIJA--INFORMACIÓN GENERAL
campo de control de longitud fija 031007s1953 sp ||||1| spa d
100 1# - ENTRADA PRINCIPAL--NOMBRE DE PERSONA
Nombre de persona Díaz de Villegas, José,
Fechas asociadas al nombre 1894-1968
9 (RLIN) 44253
245 13 - MENCIÓN DEL TÍTULO
Título El estrecho de Gibraltar
Resto del título : su función geopolítica nacional /
Mención de responsabilidad, etc. por Hispanus (seud.), José Díaz de Villegas y Bustamante.
250 ## - MENCION DE EDICION
Mención de edición nueva ed. totalmente actualizada y puesta al día.
260 ## - PUBLICACIÓN, DISTRIBUCIÓN, ETC.
Lugar de publicación, distribución, etc. Madrid :
Nombre del editor, distribuidor, etc. Editora Nacional,
Fecha de publicación, distribución, etc. 1953 (
Fabricante Estades)
300 ## - DESCRIPCIÓN FÍSICA
Extensión 456 p., 15 lám. :
Otras características físicas il. ;
Dimensiones 21 cm.
651 #4 - PUNTO DE ACCESO ADICIONAL DE MATERIA--NOMBRE GEOGRÁFICO
Nombre geográfico Gibraltar (Estrecho)
9 (RLIN) 151823
852 ## - LOCALIZACIÓN
Ubicación ES-MaACL
Número de control de estantería C-6545
Sublocalización o colección R.35913
Holdings
Estatus retirado Estado de pérdida Estado de daño No para préstamo Biblioteca de origen Biblioteca actual Ubicación en estantería Fecha de adquisición Fuente de adquisición Total de préstamos Signatura topográfica completa Código de barras Visto por última vez Precio de reemplazo Tipo de ítem Koha
        Biblioteca del Ateneo de Madrid Biblioteca del Ateneo de Madrid Sala Palomar 17/01/2008     C-6545 1059109 23/02/2023 23/02/2023 Libro impreso